000
00300nam a2200121Ia 4500
008
190216s9999||||xx |||||||||||||| ||und||
100
_a
"Sorum C H,Boikess"
245
0
_a
How To Silve General Chemistry Problems
260
_b
Prentice Hall
_c
1952
300
_a
301p
650
_a
Chemistry
942
_c
BK
999
_c
2267
_d
2267